GENETIC RELATEDNESS OF THE KEMEROVO SEROGROUP VIRUSES: III. RNA-RNA BLOT HYBRIDIZATION AND GENE REASSORTMENT IN VITRO OF THE CHENUDA SEROCOMPLEX

Bibliographic Details
Main Authors: Brown, S. E. (Author), Knudson, D. L. (Author), Morrison, H. G (Author)
Format: Article
Language:English

MARC

LEADER 00000nab a2200000uu 4500
001 vtls011455609
003 SK-MaSNL
005 20260303214207.0
008 230222|1989 xo |||||||||||||||||eng|
015 |a SNBRB 
035 |a (urnnbn)urn:nbn:sk:snk:ar-a07srz 
035 |a (uuid)ed61c08e-33a0-4fc5-bff6-b07178651199 
035 |a urn:nbn:sk:snk-abcqm8 
040 |a SNKBUCL  |b slo  |c SNKBUCL  |e AACR2 
041 0 |a eng 
044 |a xo  |c SK 
100 1 |a Brown, S. E.  |4 aut  |9 1248916 
245 1 0 |a GENETIC RELATEDNESS OF THE KEMEROVO SEROGROUP VIRUSES: III. RNA-RNA BLOT HYBRIDIZATION AND GENE REASSORTMENT IN VITRO OF THE CHENUDA SEROCOMPLEX  |c S. E. Brown, H. G. Morrison, D. L. Knudson 
700 1 |a Knudson, D. L.  |4 aut  |9 1248917 
700 1 |a Morrison, H. G  |4 aut  |9 1248918 
773 0 |t Acta virologica : international journal  |g Roč. 33, č. 3 (1989), s. 221-234 
958 |a OND 
958 |a EUIPO 
958 |a article16 
999 |c 2215852  |d 2217782